| 000 | 00373nam a22001217a 4500 | ||
|---|---|---|---|
| 082 | _a200 THE | ||
| 100 |
_aAyesha Zeb _970089 |
||
| 245 | _aTH-SOF-1241-Active Noise Control of Impulsive Noise using Adaptive Filters | ||
| 260 |
_aIslamabad _bNUST College of EME _c2016 |
||
| 650 | _a MS-ELECT-79 MSTHESIS | ||
| 700 |
_aSupervisor DR SYED WAHEED UL HAQ _970090 |
||
| 942 | _cCF | ||
| 999 |
_c577134 _d577134 |
||